<?xml version="1.0" encoding="UTF-8"?><?xml-stylesheet type="text/xsl" href="static/style.xsl"?><OAI-PMH xmlns="http://www.openarchives.org/OAI/2.0/" xmlns:xsi="http://www.w3.org/2001/XMLSchema-instance" xsi:schemaLocation="http://www.openarchives.org/OAI/2.0/ http://www.openarchives.org/OAI/2.0/OAI-PMH.xsd"><responseDate>2026-04-13T16:50:48Z</responseDate><request verb="GetRecord" identifier="oai:www.recercat.cat:20.500.12328/4553" metadataPrefix="marc">https://recercat.cat/oai/request</request><GetRecord><record><header><identifier>oai:recercat.cat:20.500.12328/4553</identifier><datestamp>2025-05-16T12:51:31Z</datestamp><setSpec>com_2072_67741</setSpec><setSpec>col_2072_484352</setSpec></header><metadata><record xmlns="http://www.loc.gov/MARC21/slim" xmlns:dcterms="http://purl.org/dc/terms/" xmlns:xsi="http://www.w3.org/2001/XMLSchema-instance" xmlns:doc="http://www.lyncode.com/xoai" xsi:schemaLocation="http://www.loc.gov/MARC21/slim http://www.loc.gov/standards/marcxml/schema/MARC21slim.xsd">
   <leader>00925njm 22002777a 4500</leader>
   <datafield ind2=" " ind1=" " tag="042">
      <subfield code="a">dc</subfield>
   </datafield>
   <datafield ind2=" " ind1=" " tag="720">
      <subfield code="a">Rodríguez Mazón, Marta</subfield>
      <subfield code="e">author</subfield>
   </datafield>
   <datafield ind2=" " ind1=" " tag="720">
      <subfield code="a">Garcia Font, Marc</subfield>
      <subfield code="e">author</subfield>
   </datafield>
   <datafield ind2=" " ind1=" " tag="720">
      <subfield code="a">Doria, Guillermo</subfield>
      <subfield code="e">author</subfield>
   </datafield>
   <datafield ind2=" " ind1=" " tag="720">
      <subfield code="a">Durán Sindreu, Fernando</subfield>
      <subfield code="e">author</subfield>
   </datafield>
   <datafield ind2=" " ind1=" " tag="720">
      <subfield code="a">Abella, Francesc</subfield>
      <subfield code="e">author</subfield>
   </datafield>
   <datafield ind2=" " ind1=" " tag="260">
      <subfield code="c">2022</subfield>
   </datafield>
   <datafield ind2=" " ind1=" " tag="520">
      <subfield code="a">Introduction: Inadequate management of external cervical resorption (ECR) lesions may impact the treatment outcome. This study aimed to ascertain the influence of cone-beam computed tomography (CBCT) in clinical decision-making choices in cases of ECR among dentistry specialists (endodontics, prosthodontics, oral surgery, periodontics orthodontics, and general dentistry). A secondary objective was to evaluate the self-reported level of difficulty in choosing a treatment plan before and after viewing the CBCT images. Methods: Sixty examiners from different specialties were chosen to evaluate 12 cases of ECR lesions. Each case included clinical photographs, digital periapical radiographs, and a small-volume CBCT scan. In the first assessment, the examiners were given all the relevant information of each case, except the CBCT scan. Each examiner was asked to select 1 of the proposed treatment options and assess the difficulty of decision-making. Four weeks later, the examiners randomly reviewed the same 12 cases with additional information from the CBCT data. Results: After the CBCT evaluation, the clinicians changed their treatment plan in 72.2% of the cases (P &lt; .05). The self-reported level of difficulty in choosing a treatment changed in all groups after evaluating the CBCT scans (P &lt; .05). After viewing the CBCT scan, the extraction option increased significantly in all groups (P &lt; .05). Conclusions: CBCT scan had a significant impact on clinical decision-making in cases of ECR evaluated by different specialists.</subfield>
   </datafield>
   <datafield ind1="8" ind2=" " tag="024">
      <subfield code="a">Rodríguez Mazón, Marta; Garcia Font, Marc; Doria, Guillermo [et al.]. Influence of cone-beam computed tomography in clinical decision-making among different specialists in external cervical resorption lesions. Journal of Endodontics, 2022, 48(9), p. 1121-1128. Disponible en: &lt;https://www.sciencedirect.com/science/article/pii/S0099239922004071?via%3Dihub>. Fecha de acceso: 17 ene. 2025. DOI: 10.1016/j.joen.2022.05.010</subfield>
   </datafield>
   <datafield ind1="8" ind2=" " tag="024">
      <subfield code="a">0099-2399</subfield>
   </datafield>
   <datafield ind1="8" ind2=" " tag="024">
      <subfield code="a">http://hdl.handle.net/20.500.12328/4553</subfield>
   </datafield>
   <datafield ind1="8" ind2=" " tag="024">
      <subfield code="a">https://dx.doi.org/10.1016/j.joen.2022.05.010</subfield>
   </datafield>
   <datafield tag="653" ind2=" " ind1=" ">
      <subfield code="a">Exploració CBCT</subfield>
   </datafield>
   <datafield tag="653" ind2=" " ind1=" ">
      <subfield code="a">Presa de decisions clíniques</subfield>
   </datafield>
   <datafield tag="653" ind2=" " ind1=" ">
      <subfield code="a">Especialistes en odontologia</subfield>
   </datafield>
   <datafield tag="653" ind2=" " ind1=" ">
      <subfield code="a">Reabsorció cervical externa</subfield>
   </datafield>
   <datafield tag="653" ind2=" " ind1=" ">
      <subfield code="a">Planificació del tractament</subfield>
   </datafield>
   <datafield tag="653" ind2=" " ind1=" ">
      <subfield code="a">Tomografía computarizada de haz cónico (CBCT)</subfield>
   </datafield>
   <datafield tag="653" ind2=" " ind1=" ">
      <subfield code="a">Toma de decisiones clínicas</subfield>
   </datafield>
   <datafield tag="653" ind2=" " ind1=" ">
      <subfield code="a">Especialistas en odontología</subfield>
   </datafield>
   <datafield tag="653" ind2=" " ind1=" ">
      <subfield code="a">Reabsorción cervical externa</subfield>
   </datafield>
   <datafield tag="653" ind2=" " ind1=" ">
      <subfield code="a">Planificación del tratamiento</subfield>
   </datafield>
   <datafield tag="653" ind2=" " ind1=" ">
      <subfield code="a">CBCT scan</subfield>
   </datafield>
   <datafield tag="653" ind2=" " ind1=" ">
      <subfield code="a">Clinical decision-making</subfield>
   </datafield>
   <datafield tag="653" ind2=" " ind1=" ">
      <subfield code="a">Dentistry specialists</subfield>
   </datafield>
   <datafield tag="653" ind2=" " ind1=" ">
      <subfield code="a">External cervical resorption</subfield>
   </datafield>
   <datafield tag="653" ind2=" " ind1=" ">
      <subfield code="a">Treatment planning</subfield>
   </datafield>
   <datafield ind2="0" ind1="0" tag="245">
      <subfield code="a">Influence of cone-beam computed tomography in clinical decision-making among different specialists in external cervical resorption lesions</subfield>
   </datafield>
</record></metadata></record></GetRecord></OAI-PMH>